Pomoc do VÚB. Program v hodnote dvoch miliónov dolárov.
Americká agentúra pre medzinárodný rozvoj - USAID - prostredníctvom tímu špecialistov americkej firmy KPMG Peat Marwick poskytuje technickú pomoc VÚB, a.s. na podporu reštrukturalizácie slovenského bankového systému a prilákanie zahraničného kapitálu. Prečo VÚB. Projekt pomoci zameraný na poradenské...
Salvato in:
| Autore principale: | |
|---|---|
| Natura: | Capitolo di libro |
| Lingua: | slovacco |
| Soggetti: | |
| Tags: |
Nessun Tag, puoi essere il primo ad aggiungerne!!
|
MARC
| LEADER | 00000naa a2200000 4500 | ||
|---|---|---|---|
| 001 | r013623 | ||
| 005 | 20221205080651.6 | ||
| 041 | 0 | |a slo | |
| 044 | |a SK | ||
| 245 | 1 | 0 | |a Pomoc do VÚB. |b Program v hodnote dvoch miliónov dolárov. |c R. Šnajdr |
| 520 | |a Americká agentúra pre medzinárodný rozvoj - USAID - prostredníctvom tímu špecialistov americkej firmy KPMG Peat Marwick poskytuje technickú pomoc VÚB, a.s. na podporu reštrukturalizácie slovenského bankového systému a prilákanie zahraničného kapitálu. Prečo VÚB. Projekt pomoci zameraný na poradenské služby manažmentu aktív/pasív, korešpondenčné bankovníctvo, obchodovanie s devízami, reštrukturalizáciu úverov pomocou techník investičného bankovníctva. | ||
| 610 | 2 | 0 | |a VÚB Bratislava |
| 610 | 2 | 0 | |a Slovensko |
| 610 | 2 | 0 | |a USAID |
| 610 | 2 | 0 | |a pomoc technická |
| 610 | 2 | 0 | |a manažment |
| 610 | 2 | 0 | |a bankovníctvo |
| 610 | 2 | 0 | |a úver |
| 100 | 1 | |a Šnajdr, R. | |